[Event "15. Magistral de la Republica"]
[Site "Villa Martelli, ARG"]
[Date "2011.08.01"]
[Round "1.1"]
[White "Mahia, Gustavo"]
[Black "De Dovitiis, Alejo"]
[Result "1-0"]
[WhiteElo "2371"]
[BlackElo "2348"]
[PlyCount "55"]
[EventDate "2011.08.01"]
[EventType "tourn"]
[EventRounds "9"]
[EventCountry "ARG"]
[EventCategory "7"]
[Source "lmi"]
[SourceDate "2011.08.01"]

1. d4 Nf6 2. Bg5 e6 3. e4 h6 4. Bxf6 Qxf6 5. Nc3 d6 6. Qd2 a6 7. f4 Qd8 8. Nf3
Be7 9. O-O-O d5 10. Kb1 b5 11. Bd3 Bb7 12. exd5 exd5 13. Rhe1 Nc6 14. g4 Qd6
15. a3 b4 16. Na2 O-O 17. g5 Rfe8 18. Nc1 Na5 19. Ne5 Bc6 20. Qe2 Bf8 21. Qh5
g6 22. Qf3 Ba4 23. f5 hxg5 24. fxg6 f6 25. Qh5 Bg7 26. Qh7+ Kf8 27. Nf7 Qd7 28.
Nh6 1-0

[Event "15. Magistral de la Republica"]
[Site "Villa Martelli, ARG"]
[Date "2011.08.01"]
[Round "1.2"]
[White "Valerga, Diego"]
[Black "Molina, Roberto Junio Brito"]
[Result "1/2-1/2"]
[WhiteElo "2490"]
[BlackElo "2413"]
[PlyCount "45"]
[EventDate "2011.08.01"]
[EventType "tourn"]
[EventRounds "9"]
[EventCountry "ARG"]
[EventCategory "7"]
[Source "lmi"]
[SourceDate "2011.08.01"]

1. d4 d5 2. c4 e6 3. Nf3 Nf6 4. Nc3 Be7 5. Bg5 h6 6. Bxf6 Bxf6 7. e3 O-O 8. Rc1
c6 9. Bd3 dxc4 10. Bxc4 Nd7 11. O-O e5 12. d5 Nb6 13. Bb3 e4 14. Nxe4 Bxb2 15.
Rc2 cxd5 16. Bxd5 Qxd5 17. Qxd5 Nxd5 18. Rxb2 b6 19. Rd1 Bf5 20. Nd6 Be6 21.
Nd4 Rfd8 22. Ne4 Rac8 23. h3 1/2-1/2

[Event "15. Magistral de la Republica"]
[Site "Villa Martelli, ARG"]
[Date "2011.08.01"]
[Round "1.3"]
[White "Real De Azua, Ernesto"]
[Black "Rodriguez Vila, Andres"]
[Result "1-0"]
[WhiteElo "2438"]
[BlackElo "2507"]
[PlyCount "109"]
[EventDate "2011.08.01"]
[EventType "tourn"]
[EventRounds "9"]
[EventCountry "ARG"]
[EventCategory "7"]
[Source "lmi"]
[SourceDate "2011.08.01"]

1. d4 e6 2. c4 Nf6 3. Nc3 Bb4 4. e3 b6 5. Nge2 O-O 6. a3 Be7 7. d5 Re8 8. Ng3
c5 9. e4 d6 10. Be2 Bf8 11. O-O exd5 12. exd5 Bd7 13. Bf4 Na6 14. Qc2 Nc7 15.
Bd3 Rb8 16. b4 g6 17. b5 Ng4 18. Nce4 Bc8 19. Be2 h6 20. Bxg4 Bxg4 21. Rae1 a6
22. a4 axb5 23. axb5 Ra8 24. Qc3 Bg7 25. Qd2 Ra4 26. h3 Bd7 27. Nxd6 Rxe1 28.
Rxe1 g5 29. Be3 Qf6 30. Nge4 Qg6 31. g4 Be5 32. f4 gxf4 33. Bxf4 Bd4+ 34. Kh2
Kh7 35. Nf5 Bxf5 36. gxf5 Qxf5 37. Bxc7 Rxc4 38. Qd3 Rb4 39. Nf6+ Kg6 40. Qxf5+
Kxf5 41. Ne8 Bc3 42. Rf1+ Kg6 43. d6 Rb2+ 44. Kh1 Rd2 45. Bxb6 c4 46. Rf4 Rd1+
47. Kg2 Rd2+ 48. Bf2 Ba5 49. Rxc4 Bb6 50. Rf4 f5 51. Kf1 Bd8 52. b6 Kh7 53. Nc7
Rxd6 54. Rxf5 Kg6 55. Rd5 1-0

[Event "15. Magistral de la Republica"]
[Site "Villa Martelli, ARG"]
[Date "2011.08.01"]
[Round "1.4"]
[White "Bassan, Remo"]
[Black "Larrea, Manuel"]
[Result "1-0"]
[WhiteElo "2356"]
[BlackElo "2353"]
[PlyCount "59"]
[EventDate "2011.08.01"]
[EventType "tourn"]
[EventRounds "9"]
[EventCountry "ARG"]
[EventCategory "7"]
[Source "lmi"]
[SourceDate "2011.08.01"]

1. e4 c5 2. Nf3 Nc6 3. d4 cxd4 4. Nxd4 Nf6 5. Nc3 d6 6. Bg5 e6 7. Qd3 a6 8.
O-O-O Bd7 9. f4 b5 10. Qe2 Nxd4 11. Rxd4 Qb6 12. Qd2 b4 13. Nd1 a5 14. Bxf6
gxf6 15. Ne3 Qc5 16. Be2 Bc6 17. Rd1 Rd8 18. Bf3 Bb5 19. Kb1 Ke7 20. e5 fxe5
21. fxe5 Qxe5 22. Nd5+ Kd7 23. Re1 Qxh2 24. Rf4 f5 25. Qf2 exd5 26. Rh4 Qe5 27.
Rxe5 dxe5 28. Qa7+ Kc6 29. a4 bxa3 30. c4 1-0

[Event "15. Magistral de la Republica"]
[Site "Villa Martelli, ARG"]
[Date "2011.08.01"]
[Round "1.5"]
[White "Slipak, Sergio"]
[Black "Fusco, Leonardo"]
[Result "1/2-1/2"]
[WhiteElo "2424"]
[BlackElo "2389"]
[PlyCount "45"]
[EventDate "2011.08.01"]
[EventType "tourn"]
[EventRounds "9"]
[EventCountry "ARG"]
[EventCategory "7"]
[Source "lmi"]
[SourceDate "2011.08.01"]

1. d4 Nf6 2. c4 g6 3. Nc3 Bg7 4. e4 d6 5. Nf3 O-O 6. Be2 e5 7. O-O Nc6 8. d5
Ne7 9. Be3 Ng4 10. Bd2 f5 11. Ng5 Nf6 12. exf5 Nxf5 13. Bd3 c5 14. f4 exf4 15.
Bxf4 Nh5 16. Bd2 Bd4+ 17. Kh1 Nhg3+ 18. hxg3 Nxg3+ 19. Kh2 Nxf1+ 20. Bxf1 h6
21. Nh3 Be5+ 22. Kh1 Kg7 23. Qe1 1/2-1/2

[Event "15. Magistral de la Republica"]
[Site "Villa Martelli, ARG"]
[Date "2011.08.02"]
[Round "2.1"]
[White "De Dovitiis, Alejo"]
[Black "Fusco, Leonardo"]
[Result "1-0"]
[WhiteElo "2348"]
[BlackElo "2389"]
[PlyCount "63"]
[EventDate "2011.08.01"]
[EventType "tourn"]
[EventRounds "9"]
[EventCountry "ARG"]
[EventCategory "7"]
[Source "lmi"]
[SourceDate "2011.08.01"]

1. e4 g6 2. d4 Bg7 3. Nf3 d6 4. Be2 Nf6 5. Nc3 O-O 6. O-O a6 7. Re1 e6 8. h3 b5
9. e5 dxe5 10. Nxe5 Bb7 11. Bf3 Qc8 12. Bg5 Nbd7 13. Nc6 Re8 14. Qd3 h6 15. Bh4
Nb6 16. Bxf6 Bxf6 17. Ne4 Nd5 18. Nxf6+ Nxf6 19. Ne5 Kg7 20. Re3 Re7 21. Rae1
Bxf3 22. Rxf3 Qe8 23. b3 Rd8 24. Qc3 Nd5 25. Qc5 Rd6 26. c4 Nb6 27. Qa3 bxc4
28. bxc4 Rxd4 29. Qb2 Red7 30. Nc6 Na4 31. Qa1 e5 32. Nxe5 1-0

[Event "15. Magistral de la Republica"]
[Site "Villa Martelli, ARG"]
[Date "2011.08.02"]
[Round "2.2"]
[White "Larrea, Manuel"]
[Black "Slipak, Sergio"]
[Result "1/2-1/2"]
[WhiteElo "2353"]
[BlackElo "2424"]
[PlyCount "54"]
[EventDate "2011.08.01"]
[EventType "tourn"]
[EventRounds "9"]
[EventCountry "ARG"]
[EventCategory "7"]
[Source "lmi"]
[SourceDate "2011.08.01"]

1. e4 e5 2. Nf3 Nc6 3. Bc4 Nf6 4. Ng5 d5 5. exd5 Na5 6. Bb5+ c6 7. dxc6 bxc6 8.
Bd3 Be7 9. O-O Nd5 10. Nf3 f6 11. Re1 O-O 12. Bf1 c5 13. c3 Bg4 14. Na3 Kh8 15.
Nc2 Nc6 16. Ne3 Nxe3 17. Rxe3 f5 18. Qa4 f4 19. Rd3 Qe8 20. Ne1 Bf5 21. Rd5 Be6
22. Qe4 Bxd5 23. Qxd5 Rd8 24. Qe4 Rd6 25. Bd3 Qh5 26. Nf3 Bf6 27. b3 Rfd8
1/2-1/2

[Event "15. Magistral de la Republica"]
[Site "Villa Martelli, ARG"]
[Date "2011.08.02"]
[Round "2.3"]
[White "Rodriguez Vila, Andres"]
[Black "Bassan, Remo"]
[Result "1-0"]
[WhiteElo "2507"]
[BlackElo "2356"]
[PlyCount "96"]
[EventDate "2011.08.01"]
[EventType "tourn"]
[EventRounds "9"]
[EventCountry "ARG"]
[EventCategory "7"]
[Source "lmi"]
[SourceDate "2011.08.01"]

1. e4 c5 2. Nf3 e6 3. c3 d5 4. e5 Nc6 5. d4 Qb6 6. Bd3 cxd4 7. cxd4 Bd7 8. O-O
Rc8 9. Nc3 Na5 10. Na4 Bxa4 11. Qxa4+ Nc6 12. Bd2 Nge7 13. b4 a6 14. Rab1 g6
15. b5 axb5 16. Rxb5 Qc7 17. Rfb1 Rb8 18. Qb3 Bg7 19. Rxb7 Rxb7 20. Qxb7 Qxb7
21. Rxb7 O-O 22. Bb5 Ra8 23. Rc7 Ra7 24. Rxa7 Nxa7 25. a4 Nec6 26. Kf1 Kf8 27.
Ke2 Ke7 28. Kd3 h6 29. g4 Kd8 30. h4 Nxb5 31. axb5 Na7 32. b6 Nc6 33. h5 Kc8
34. hxg6 fxg6 35. g5 hxg5 36. Nxg5 Nd8 37. Bb4 Bh6 38. Nh7 Kb7 39. Bc5 Kc6 40.
Kc3 Nb7 41. Bf8 Bf4 42. Bg7 Kxb6 43. Nf8 Kc6 44. Nxe6 g5 45. Bf8 Kd7 46. Nxf4
gxf4 47. Kb4 Kc6 48. f3 Kb6 1-0

[Event "15. Magistral de la Republica"]
[Site "Villa Martelli, ARG"]
[Date "2011.08.02"]
[Round "2.4"]
[White "Molina, Roberto Junio Brito"]
[Black "Real De Azua, Ernesto"]
[Result "1-0"]
[WhiteElo "2413"]
[BlackElo "2438"]
[PlyCount "73"]
[EventDate "2011.08.01"]
[EventType "tourn"]
[EventRounds "9"]
[EventCountry "ARG"]
[EventCategory "7"]
[Source "lmi"]
[SourceDate "2011.08.01"]

1. d4 Nf6 2. c4 e6 3. Nc3 Bb4 4. Qc2 O-O 5. a3 Bxc3+ 6. Qxc3 b5 7. cxb5 c6 8.
Qd3 cxb5 9. e4 Nc6 10. f3 a5 11. Be3 Ba6 12. Qd2 d5 13. Rc1 Rc8 14. e5 Nd7 15.
Bd3 Nb6 16. Ne2 Nc4 17. Bxc4 dxc4 18. O-O b4 19. Rfd1 Qe7 20. Bg5 f6 21. exf6
gxf6 22. Bh6 Rfd8 23. Qe3 Qf7 24. axb4 Nxb4 25. Nf4 Nd3 26. Rc2 Nxf4 27. Qxf4
Qg6 28. Rcd2 Rd5 29. Qe3 Re8 30. Bf4 Kf7 31. Ra1 Re7 32. Bg3 Qf5 33. h3 Bb7 34.
Kh2 Rb5 35. Ra3 Bd5 36. Bd6 Reb7 37. Qh6 1-0

[Event "15. Magistral de la Republica"]
[Site "Villa Martelli, ARG"]
[Date "2011.08.02"]
[Round "2.5"]
[White "Mahia, Gustavo"]
[Black "Valerga, Diego"]
[Result "1/2-1/2"]
[WhiteElo "2371"]
[BlackElo "2490"]
[PlyCount "53"]
[EventDate "2011.08.01"]
[EventType "tourn"]
[EventRounds "9"]
[EventCountry "ARG"]
[EventCategory "7"]
[Source "lmi"]
[SourceDate "2011.08.01"]

1. d4 Nf6 2. Nf3 d5 3. c4 c6 4. Nc3 dxc4 5. a4 Bf5 6. e3 e6 7. Bxc4 Bb4 8. O-O
Nbd7 9. Qe2 Bg6 10. Rd1 O-O 11. h3 Qe7 12. Nh4 Bh5 13. g4 Ne8 14. Ng2 Bg6 15.
Nf4 Nc7 16. Nxg6 hxg6 17. f4 g5 18. fxg5 Qxg5 19. e4 Qh4 20. Kg2 e5 21. d5 Nb6
22. g5 Nxc4 23. Qxc4 Bxc3 24. bxc3 Rac8 25. Qb3 cxd5 26. exd5 Na6 27. Be3
1/2-1/2

[Event "15. Magistral de la Republica"]
[Site "Villa Martelli, ARG"]
[Date "2011.08.03"]
[Round "3.2"]
[White "Real De Azua, Ernesto"]
[Black "Mahia, Gustavo"]
[Result "1/2-1/2"]
[WhiteElo "2438"]
[BlackElo "2371"]
[PlyCount "61"]
[EventDate "2011.08.01"]
[EventType "tourn"]
[EventRounds "9"]
[EventCountry "ARG"]
[EventCategory "7"]
[Source "lmi"]
[SourceDate "2011.08.01"]

1. d4 Nf6 2. c4 g6 3. Nc3 Bg7 4. e4 d6 5. Nf3 O-O 6. Be2 e5 7. Be3 Ng4 8. Bg5
f6 9. Bh4 Nc6 10. d5 Ne7 11. Nd2 Nh6 12. f3 c5 13. dxc6 bxc6 14. b4 Be6 15. Nb3
Kh8 16. Bf2 d5 17. Nc5 Bf7 18. cxd5 cxd5 19. exd5 Nxd5 20. Nxd5 Qxd5 21. O-O
Nf5 22. Bd3 Rad8 23. Qa4 Nd4 24. Qxa7 f5 25. Be3 Nc6 26. Qa4 Ra8 27. Ba6 Rfb8
28. Rad1 Nd4 29. Qa5 Qxa2 30. Qxa2 Bxa2 31. Rf2 1/2-1/2

[Event "15. Magistral de la Republica"]
[Site "Villa Martelli, ARG"]
[Date "2011.08.03"]
[Round "3.3"]
[White "Bassan, Remo"]
[Black "Molina, Roberto Junio Brito"]
[Result "1/2-1/2"]
[WhiteElo "2356"]
[BlackElo "2413"]
[PlyCount "24"]
[EventDate "2011.08.01"]
[EventType "tourn"]
[EventRounds "9"]
[EventCountry "ARG"]
[EventCategory "7"]
[Source "lmi"]
[SourceDate "2011.08.01"]

1. e4 c5 2. Nc3 Nc6 3. g3 g6 4. Bg2 Bg7 5. d3 e6 6. Be3 Nd4 7. Nge2 Ne7 8. O-O
O-O 9. f4 d6 10. Qd2 Rb8 11. Nc1 b6 12. Nd1 Bb7 1/2-1/2

[Event "15. Magistral de la Republica"]
[Site "Villa Martelli, ARG"]
[Date "2011.08.03"]
[Round "3.4"]
[White "Slipak, Sergio"]
[Black "Rodriguez Vila, Andres"]
[Result "1/2-1/2"]
[WhiteElo "2424"]
[BlackElo "2507"]
[PlyCount "21"]
[EventDate "2011.08.01"]
[EventType "tourn"]
[EventRounds "9"]
[EventCountry "ARG"]
[EventCategory "7"]
[Source "lmi"]
[SourceDate "2011.08.01"]

1. d4 Nf6 2. c4 e6 3. Nf3 Bb4+ 4. Bd2 Qe7 5. g3 Nc6 6. Bg2 Bxd2+ 7. Qxd2 Ne4 8.
Qc2 Qb4+ 9. Nc3 Nxc3 10. Qxc3 Qxc3+ 11. bxc3 1/2-1/2

[Event "15. Magistral de la Republica"]
[Site "Villa Martelli, ARG"]
[Date "2011.08.03"]
[Round "3.5"]
[White "Fusco, Leonardo"]
[Black "Larrea, Manuel"]
[Result "1-0"]
[WhiteElo "2389"]
[BlackElo "2353"]
[PlyCount "79"]
[EventDate "2011.08.01"]
[EventType "tourn"]
[EventRounds "9"]
[EventCountry "ARG"]
[EventCategory "7"]
[Source "lmi"]
[SourceDate "2011.08.01"]

1. e4 c5 2. Nf3 Nc6 3. d4 cxd4 4. Nxd4 Nf6 5. Nc3 e5 6. Ndb5 d6 7. Bg5 a6 8.
Na3 Be6 9. Nc4 Rc8 10. Ne3 Be7 11. Bxf6 Bxf6 12. Ncd5 Bg5 13. c3 O-O 14. Bd3
Bxe3 15. Nxe3 Ne7 16. O-O g6 17. Qe2 f5 18. exf5 gxf5 19. f4 Qb6 20. Kh1 e4 21.
Bb1 Nd5 22. Nxd5 Bxd5 23. a3 Rf7 24. Ba2 Bxa2 25. Rxa2 d5 26. Raa1 d4 27. cxd4
Rfc7 28. Rg1 Rc2 29. Qe3 Kh8 30. Rad1 Rxb2 31. Qh3 Qf6 32. d5 Rbc2 33. d6 R2c3
34. d7 Rd8 35. Qh5 Rd3 36. Qe8+ Kg7 37. Rxd3 exd3 38. Rd1 Qf8 39. Qe5+ Qf6 40.
Qd5 1-0

[Event "15. Magistral de la Republica"]
[Site "Villa Martelli, ARG"]
[Date "2011.08.04"]
[Round "4.1"]
[White "De Dovitiis, Alejo"]
[Black "Larrea, Manuel"]
[Result "1-0"]
[WhiteElo "2348"]
[BlackElo "2353"]
[PlyCount "65"]
[EventDate "2011.08.01"]
[EventType "tourn"]
[EventRounds "9"]
[EventCountry "ARG"]
[EventCategory "7"]
[Source "lmi"]
[SourceDate "2011.08.01"]

1. e4 c5 2. Nf3 Nc6 3. d4 cxd4 4. Nxd4 Nf6 5. Nc3 d6 6. Bc4 e6 7. Be3 a6 8. Bb3
Be7 9. Qe2 Qc7 10. O-O-O Na5 11. f4 b5 12. f5 b4 13. Ba4+ Kf8 14. Nb1 e5 15.
Nb3 Nc4 16. N1d2 Nxe3 17. Qxe3 d5 18. Kb1 dxe4 19. Nxe4 Bxf5 20. Nxf6 Bxf6 21.
Nc5 Rc8 22. Rd5 g6 23. g4 Bxg4 24. Rf1 Kg7 25. Nd7 Qc4 26. Qf2 Bf5 27. Nxf6
Kxf6 28. Bb3 Qe4 29. Rd7 Rhf8 30. Qa7 Qg2 31. Rxf7+ Rxf7 32. Qxf7+ Kg5 33.
Rxf5+ 1-0

[Event "15. Magistral de la Republica"]
[Site "Villa Martelli, ARG"]
[Date "2011.08.04"]
[Round "4.2"]
[White "Rodriguez Vila, Andres"]
[Black "Fusco, Leonardo"]
[Result "1/2-1/2"]
[WhiteElo "2507"]
[BlackElo "2389"]
[PlyCount "54"]
[EventDate "2011.08.01"]
[EventType "tourn"]
[EventRounds "9"]
[EventCountry "ARG"]
[EventCategory "7"]
[Source "lmi"]
[SourceDate "2011.08.01"]

1. e4 c6 2. d4 d5 3. e5 Bf5 4. Nd2 e6 5. Nb3 Nd7 6. Nf3 Ne7 7. Be2 Nc8 8. O-O
Be7 9. a4 O-O 10. Bf4 Bg4 11. a5 a6 12. Ne1 Bxe2 13. Qxe2 c5 14. dxc5 Nxc5 15.
Nxc5 Bxc5 16. Nd3 Be7 17. Qg4 Re8 18. Rfe1 Bf8 19. Bg5 Qc7 20. c3 Qc4 21. Nf4
Ne7 22. Bxe7 Rxe7 23. Rad1 Qa4 24. b4 Rc7 25. Rd3 Rc4 26. h4 Bxb4 27. Qg3 Bf8
1/2-1/2

[Event "15. Magistral de la Republica"]
[Site "Villa Martelli, ARG"]
[Date "2011.08.04"]
[Round "4.3"]
[White "Molina, Roberto Junio Brito"]
[Black "Slipak, Sergio"]
[Result "1/2-1/2"]
[WhiteElo "2413"]
[BlackElo "2424"]
[PlyCount "137"]
[EventDate "2011.08.01"]
[EventType "tourn"]
[EventRounds "9"]
[EventCountry "ARG"]
[EventCategory "7"]
[Source "lmi"]
[SourceDate "2011.08.01"]

1. d4 Nf6 2. c4 e6 3. Nc3 Bb4 4. Qc2 O-O 5. a3 Bxc3+ 6. Qxc3 b5 7. cxb5 c6 8.
Bg5 cxb5 9. Nf3 Bb7 10. e3 h6 11. Bxf6 Qxf6 12. Be2 Rc8 13. Qb4 a6 14. O-O Nc6
15. Qd2 Qd8 16. Bd3 Na5 17. Qe2 Nc4 18. e4 Qb6 19. Rad1 Rc7 20. h4 Rac8 21.
Rfe1 a5 22. d5 d6 23. dxe6 fxe6 24. Bxc4 Rxc4 25. Qd3 Rc2 26. Rd2 Rxd2 27. Nxd2
b4 28. Nf3 Ba6 29. Qd4 Qxd4 30. Nxd4 e5 31. Nf5 Rc2 32. axb4 axb4 33. b3 Rc3
34. Re3 Bd3 35. Ne7+ Kf7 36. Nd5 Rxb3 37. Nxb4 Rxb4 38. Rxd3 Rxe4 39. Rxd6 Rxh4
40. f3 Rd4 41. Ra6 Rd2 42. Kh2 Ke7 43. Kg3 Rd6 44. Ra8 Kf7 45. Rb8 Re6 46. Ra8
Kf6 47. Rf8+ Kg6 48. Ra8 Kg5 49. Ra5 Kf5 50. Rb5 g5 51. Rb8 h5 52. Ra8 e4 53.
fxe4+ Rxe4 54. Ra5+ Re5 55. Ra3 Rd5 56. Rf3+ Ke4 57. Rf8 Rd3+ 58. Kf2 h4 59.
Ra8 Rd2+ 60. Kg1 g4 61. Ra4+ Rd4 62. Ra3 Rd1+ 63. Kh2 Re1 64. Ra4+ Kf5 65. Ra5+
Kf4 66. Ra4+ Re4 67. Ra1 Rb4 68. Ra8 h3 69. Rf8+ 1/2-1/2

[Event "15. Magistral de la Republica"]
[Site "Villa Martelli, ARG"]
[Date "2011.08.04"]
[Round "4.4"]
[White "Mahia, Gustavo"]
[Black "Bassan, Remo"]
[Result "1-0"]
[WhiteElo "2371"]
[BlackElo "2356"]
[PlyCount "125"]
[EventDate "2011.08.01"]
[EventType "tourn"]
[EventRounds "9"]
[EventCountry "ARG"]
[EventCategory "7"]
[Source "lmi"]
[SourceDate "2011.08.01"]

1. d4 d5 2. c4 c6 3. Nf3 Nf6 4. Nc3 dxc4 5. a4 e6 6. e4 Bb4 7. e5 Nd5 8. Bd2 b5
9. axb5 Bxc3 10. bxc3 cxb5 11. Ng5 Nc6 12. Qh5 Qe7 13. h4 h6 14. Ne4 Rb8 15.
Nd6+ Kd7 16. Be2 g6 17. Qg4 a5 18. O-O Ba6 19. Ne4 Kc7 20. Rfb1 a4 21. Nc5 Bc8
22. Qg3 Na5 23. Bc1 Qe8 24. Ba3 Ra8 25. Ne4 Nb3 26. Rxb3 axb3 27. Bd6+ Kb7 28.
Nc5+ Kb6 29. Rxa8 b2 30. Bd3 cxd3 31. Qxd3 Qc6 32. Rb8+ Bb7 33. Rxb7+ Qxb7 34.
Nxb7 Ra8 35. Bc5+ Kc6 36. Nd8+ Kc7 37. Qxb5 Ra1+ 38. Kh2 b1=Q 39. Qe8 g5 40.
Bd6+ Kb6 41. Qc6+ Ka7 42. Bc5+ Kb8 43. Bd6+ Ka7 44. Qd7+ Ka6 45. Qc8+ Ka5 46.
Qa8+ Kb6 47. Qb7+ Ka5 48. Qxb1 Rxb1 49. c4 Nb6 50. Bc7 Ka6 51. Bxb6 Kxb6 52.
hxg5 hxg5 53. Nxf7 Rd1 54. Nxg5 Rxd4 55. Nxe6 Rxc4 56. f4 Kc6 57. Kg3 Kd7 58.
Ng5 Rc2 59. Kf3 Ke7 60. f5 Ke8 61. f6 Rc4 62. e6 Rc1 63. Nh7 1-0

[Event "15. Magistral de la Republica"]
[Site "Villa Martelli, ARG"]
[Date "2011.08.04"]
[Round "4.5"]
[White "Valerga, Diego"]
[Black "Real De Azua, Ernesto"]
[Result "1/2-1/2"]
[WhiteElo "2490"]
[BlackElo "2438"]
[PlyCount "61"]
[EventDate "2011.08.01"]
[EventType "tourn"]
[EventRounds "9"]
[EventCountry "ARG"]
[EventCategory "7"]
[Source "lmi"]
[SourceDate "2011.08.01"]

1. d4 Nf6 2. c4 g6 3. Nc3 Bg7 4. Nf3 O-O 5. Bg5 d6 6. e3 c5 7. d5 h6 8. Bh4 g5
9. Bg3 Nh5 10. Bd3 f5 11. Nd2 Nxg3 12. hxg3 Nd7 13. f4 Nf6 14. Nf3 Ng4 15. Qd2
e5 16. dxe6 Bxe6 17. fxg5 b5 18. e4 bxc4 19. exf5 cxd3 20. fxe6 Qe7 21. O-O-O
Qxe6 22. Rde1 Qc4 23. Re4 Bxc3 24. Rxc4 Bxd2+ 25. Kxd2 Nf2 26. Rxh6 Rae8 27.
Rg6+ Kh7 28. Rxd6 Ne4+ 29. Rxe4 Rxe4 30. Kxd3 Rg4 31. Rd7+ 1/2-1/2

[Event "15. Magistral de la Republica"]
[Site "Villa Martelli, ARG"]
[Date "2011.08.05"]
[Round "5.1"]
[White "Real De Azua, Ernesto"]
[Black "De Dovitiis, Alejo"]
[Result "1/2-1/2"]
[WhiteElo "2438"]
[BlackElo "2348"]
[PlyCount "74"]
[EventDate "2011.08.01"]
[EventType "tourn"]
[EventRounds "9"]
[EventCountry "ARG"]
[EventCategory "7"]
[Source "lmi"]
[SourceDate "2011.08.01"]

1. d4 Nf6 2. c4 e6 3. Nc3 Bb4 4. e3 c5 5. Nf3 Nc6 6. Bd3 Bxc3+ 7. bxc3 d6 8.
Nd2 e5 9. O-O O-O 10. Bb2 Re8 11. h3 Qe7 12. Kh1 e4 13. Bc2 b6 14. f3 exf3 15.
Rxf3 Bb7 16. e4 Na5 17. Re3 Rac8 18. Bd3 Ba6 19. Qf1 Qe6 20. Rc1 Nd7 21. e5 Qh6
22. Rce1 dxe5 23. Bc1 cxd4 24. cxd4 Qc6 25. d5 Qc7 26. Qf5 g6 27. Qg4 Nc5 28.
Bf5 Rcd8 29. Bb2 f6 30. Ba3 Qg7 31. Bxc5 gxf5 32. Qxf5 Nxc4 33. Ne4 Nxe3 34.
Rxe3 Bc8 35. Qh5 Bg4 36. Qxg4 Qxg4 37. hxg4 bxc5 1/2-1/2

[Event "15. Magistral de la Republica"]
[Site "Villa Martelli, ARG"]
[Date "2011.08.05"]
[Round "5.2"]
[White "Bassan, Remo"]
[Black "Valerga, Diego"]
[Result "1/2-1/2"]
[WhiteElo "2356"]
[BlackElo "2490"]
[PlyCount "73"]
[EventDate "2011.08.01"]
[EventType "tourn"]
[EventRounds "9"]
[EventCountry "ARG"]
[EventCategory "7"]
[Source "lmi"]
[SourceDate "2011.08.01"]

1. e4 c5 2. Nf3 e6 3. g3 d5 4. d3 dxe4 5. dxe4 Qxd1+ 6. Kxd1 Nc6 7. Bf4 Bd7 8.
c3 Nf6 9. Nbd2 h6 10. Kc2 O-O-O 11. h3 g5 12. Be5 Nxe5 13. Nxe5 Be8 14. Be2 Bd6
15. Nec4 Bc7 16. e5 Nd7 17. f4 gxf4 18. gxf4 f6 19. exf6 Bg6+ 20. Bd3 Bxd3+ 21.
Kxd3 Nxf6+ 22. Kc2 Bxf4 23. Rhf1 Nd5 24. Ne4 Rhg8 25. a4 b6 26. Rg1 Kc7 27.
Rae1 Bh2 28. Rgf1 Rg2+ 29. Kb1 Bf4 30. Nf6 Bg5 31. Nh5 Re8 32. Ng7 Re7 33.
Nxe6+ Kd7 34. Nf8+ Kc6 35. Ne5+ Kb7 36. Nfg6 Rg7 37. Rg1 1/2-1/2

[Event "15. Magistral de la Republica"]
[Site "Villa Martelli, ARG"]
[Date "2011.08.05"]
[Round "5.3"]
[White "Slipak, Sergio"]
[Black "Mahia, Gustavo"]
[Result "1-0"]
[WhiteElo "2424"]
[BlackElo "2371"]
[PlyCount "83"]
[EventDate "2011.08.01"]
[EventType "tourn"]
[EventRounds "9"]
[EventCountry "ARG"]
[EventCategory "7"]
[Source "lmi"]
[SourceDate "2011.08.01"]

1. d4 Nf6 2. Nf3 g6 3. g3 Bg7 4. Bg2 O-O 5. O-O d5 6. c4 dxc4 7. Na3 c3 8. bxc3
c5 9. e3 Nc6 10. Qe2 Bf5 11. Rd1 Qa5 12. Bb2 Rfd8 13. Nd2 Qc7 14. e4 Bg4 15. f3
Bd7 16. d5 Na5 17. c4 Ba4 18. Rf1 e5 19. f4 Nd7 20. Nf3 Re8 21. f5 f6 22. fxg6
hxg6 23. Nb5 Bxb5 24. cxb5 b6 25. Bh3 Nf8 26. Nd2 Nh7 27. Be6+ Rxe6 28. dxe6
Re8 29. Nc4 Nb7 30. Qg4 Nf8 31. Rad1 Rxe6 32. Rf3 Nd6 33. Bxe5 Rxe5 34. Rxd6
Rg5 35. Qf4 Qe7 36. Rc6 Ne6 37. Qd6 Qxd6 38. Nxd6 Nd4 39. Rc8+ Kh7 40. Ra3 f5
41. Rxa7 fxe4 42. Ne8 1-0

[Event "15. Magistral de la Republica"]
[Site "Villa Martelli, ARG"]
[Date "2011.08.05"]
[Round "5.4"]
[White "Fusco, Leonardo"]
[Black "Molina, Roberto Junio Brito"]
[Result "1/2-1/2"]
[WhiteElo "2389"]
[BlackElo "2413"]
[PlyCount "20"]
[EventDate "2011.08.01"]
[EventType "tourn"]
[EventRounds "9"]
[EventCountry "ARG"]
[EventCategory "7"]
[Source "lmi"]
[SourceDate "2011.08.01"]

1. e4 e5 2. Nf3 Nc6 3. Nc3 Nf6 4. d4 exd4 5. Nxd4 Bb4 6. Nxc6 bxc6 7. Bd3 d5 8.
exd5 cxd5 9. O-O O-O 10. Bg5 Be7 1/2-1/2

[Event "15. Magistral de la Republica"]
[Site "Villa Martelli, ARG"]
[Date "2011.08.05"]
[Round "5.5"]
[White "Larrea, Manuel"]
[Black "Rodriguez Vila, Andres"]
[Result "0-1"]
[WhiteElo "2353"]
[BlackElo "2507"]
[PlyCount "48"]
[EventDate "2011.08.01"]
[EventType "tourn"]
[EventRounds "9"]
[EventCountry "ARG"]
[EventCategory "7"]
[Source "lmi"]
[SourceDate "2011.08.01"]

1. c4 c5 2. Nc3 b6 3. e4 Bb7 4. g3 g6 5. Bg2 Bg7 6. Nge2 Nc6 7. O-O d6 8. d3
Qd7 9. Be3 Nd4 10. Qd2 e6 11. Rae1 a6 12. f4 Ne7 13. f5 gxf5 14. Bh6 Be5 15.
Nxd4 cxd4 16. Ne2 O-O-O 17. b4 Kb8 18. a4 Rc8 19. b5 a5 20. Qg5 f6 21. Qh5 fxe4
22. Bg7 exd3 23. Nf4 Bxf4 24. Rxf4 Ng6 0-1

[Event "15. Magistral de la Republica"]
[Site "Villa Martelli, ARG"]
[Date "2011.08.06"]
[Round "6.1"]
[White "De Dovitiis, Alejo"]
[Black "Rodriguez Vila, Andres"]
[Result "0-1"]
[WhiteElo "2348"]
[BlackElo "2507"]
[PlyCount "60"]
[EventDate "2011.08.01"]
[EventType "tourn"]
[EventRounds "9"]
[EventCountry "ARG"]
[EventCategory "7"]
[Source "lmi"]
[SourceDate "2011.08.01"]

1. e4 e6 2. d4 d5 3. exd5 exd5 4. c4 Nf6 5. Nc3 Nc6 6. cxd5 Nxd5 7. Bb5 Be7 8.
Nge2 O-O 9. O-O Bf5 10. Ng3 Bg6 11. f4 Nxc3 12. bxc3 f5 13. Qf3 Be8 14. Be3 g6
15. Rab1 Na5 16. Bxe8 Rxe8 17. d5 Nc4 18. Bd4 Bf6 19. Qf2 b6 20. Rfd1 Qd6 21.
Nf1 Re4 22. Bxf6 Qxf6 23. Ng3 Re3 24. Rb4 Rxc3 25. Ne2 a5 26. Nxc3 axb4 27. Nb5
Qe7 28. Rc1 Rxa2 29. d6 cxd6 30. Qxa2 Qe3+ 0-1